000 00596nam a22001937a 4500
999 _c192177
_d192177
005 20220913115732.0
010 _aUR-11725
020 _c150.00
035 _aU-10280
037 _bDBAD/PUB
_a-
082 _a841
100 _aکشمیری لال شاکر
245 _aجب تصوّر ٹوٹا /
_cکشمیری لال شاکر
_hا ر د و
246 _aJab Tasawwar Toota /
_bby Kashmiri Lal Shakir
260 _aNew Delhi
_bStar Publications
_c2007 ء
270 _a4/5B, Asaf Ali Road
_bNew Delhi
_e110002
300 _aص
_c22cm(Hb)
942 _2ddc
_cUR
_h841
_mک ش م